Biggest Cities In The World With Exceptions - Statistics

General Stats
  • This quiz has been taken 40 times
    17 since last reset
  • The average score is 104 of 150
Answer Stats
Answer % Correct
Argentina Buenos Aires
100%
Egypt Cairo
100%
Turkey Istanbul
100%
U.K. London
100%
United States Los Angeles
100%
Spain Madrid
100%
U.K. Manchester
100%
Mexico Mexico City
100%
Russia Moscow
100%
Italy Naples
100%
United States New York City
100%
France Paris
100%
Brazil Rio De Janeiro
100%
Italy Rome
100%
Spain Barcelona
93%
Colombia Bogota
93%
South Africa Cape Town
93%
United States Chicago
93%
South Africa Johannesburg
93%
D.R.C. Kinshasa
93%
Peru Lima
93%
Australia Melbourne
93%
Brazil Sao Paulo
93%
Russia St. Petersburg
93%
Canada Toronto
93%
Canada Vancouver
93%
Greece Athens
87%
Germany Berlin
87%
U.K. Birmingham
87%
Brazil Brasilia
87%
Venezuela Caracas
87%
Denmark Copenhagen
87%
United States Dallas
87%
U.K. Glasgow
87%
Ukraine Kiev
87%
Nigeria Lagos
87%
Portugal Lisbon
87%
France Lyon
87%
Italy Milan
87%
Canada Montreal
87%
Canada Ottawa
87%
Ecuador Quito
87%
Sweden Stockholm
87%
Australia Sydney
87%
Ethiopia Addis Ababa
80%
Egypt Alexandria
80%
Algeria Algiers
80%
Australia Brisbane
80%
Morocco Casablanca
80%
Tanzania Dar Es Salaam
80%
Canada Edmonton
80%
Germany Hamburg
80%
United States Houston
80%
Sudan Khartoum
80%
Germany Munich
80%
Kenya Nairobi
80%
Panama Panama City
80%
United States Philadelphia
80%
Brazil Recife
80%
Costa Rica San Jose
80%
Chile Santiago
80%
Austria Vienna
80%
Poland Warsaw
80%
Switzerland Zurich
80%
Australia Adelaide
73%
Paraguay Asuncion
73%
New Zealand Auckland
73%
Serbia Belgrade
73%
Belgium Brussels
73%
Romania Bucharest
73%
Hungary Budapest
73%
South Africa Durban
73%
Mexico Guadalajara
73%
Bolivia La Paz
73%
Angola Luanda
73%
France Marseille
73%
Belarus Minsk
73%
Uruguay Montevideo
73%
Australia Perth
73%
United States Phoenix
73%
Haiti Port-Au-Prince
73%
Brazil Porto Alegre
73%
Puerto Rico San Juan
73%
Tunisia Tunis
73%
Ghana Accra
67%
Brazil Belo Horizonte
67%
Republic Of The Congo Brazzaville
67%
Canada Calgary
67%
Senegal Dakar
67%
Brazil Fortaleza
67%
Guatemala Guatemala City
67%
Zimbabwe Harare
67%
Cuba Havana
67%
Uganda Kampala
67%
Zambia Lusaka
67%
Brazil Manaus
67%
Colombia Medellin
67%
Somalia Mogadishu
67%
Liberia Monrovia
67%
Mexico Monterrey
67%
South Africa Pretoria
67%
Morocco Rabat
67%
United States San Antonio
67%
United States San Diego
67%
Dominican Republic Santo Domingo
67%
Italy Turin
67%
Ivory Coast Abidjan
60%
Madagascar Antananarivo
60%
Mali Bamako
60%
Nigeria Kano
60%
Cameroon Yaounde
60%
Nigeria Abuja
53%
Brazil Belem
53%
Nigeria Benin City
53%
Colombia Cali
53%
Guinea Conakry
53%
Togo Lome
53%
D.R.C. Lubumbashi
53%
Brazil Natal
53%
Chad N'Djamena
53%
Burkina Faso Ouagadougou
53%
Argentina Rosario
53%
Honduras Tegucigalpa
53%
Russia Yekaterinburg
53%
Argentina Cordoba
47%
Nigeria Ibadan
47%
Ukraine Kharkiv
47%
Mozambique Maputo
47%
Nigeria Port Harcourt
47%
Brazil Salvador
47%
Mexico Tijuana
47%
Venezuela Valencia
47%
Cameroon Douala
40%
Mexico Leon
40%
Bolivia Santa Cruz
40%
Mexico Ciudad Juarez
33%
Brazil Curitiba
33%
Ecuador Guayaquil
33%
Mexico Puebla
33%
Colombia Barranquilla
27%
Venezuela Maracaibo
27%
Brazil Sao Luis
27%
Mexico Toluca
27%
Brazil Campinas
20%
Brazil Goiania
20%
Ghana Kumasi
20%
Brazil Joao Pessoa
7%
D.R.C. Kananga
7%
Nigeria Onitsha
7%
Mexico Queretaro
7%
No matching quizzes found
Score Distribution
Percent of People with Each Score
Percentile by Number Answered
Your Score History
You have not taken this quiz since the last reset